000 00703nam a2200205Ii 4500
003 JO-AjNU
008 230605s9999||||xx |||||||||||||| ||und||
017 _a2008/7/2463
040 _aJO-AjNU
_bara
_erda
_cJO-AjNU
041 _aara
050 1 4 _aPJ7510.Q39 2007
100 3 _aالقيام، عمر حسن,
_eauthor
_949140
245 0 0 _aفي مدار التراث قراءات ومراجعات نقدية
264 3 1 _aعمان: وزارة الثقافة، 2007
300 _a128ص
336 _atext
_btxt
_2rdacontent
337 _aunmediated
_bn
_2rdamedia
338 _avolume
_bnc
_2rdacarrier
650 4 _aالنقد الأدبي - تحليل أدبي - قراءات ومراجعات
_949141
999 _aA21565
_c25133
_d25133